Polscy skoczkowie narciarscy ze zwycięstwem w PŚ - nagła śmierć - Statystyki

Ogólne statystyki
  • Ten quiz został rozwiązany 368 razy
  • Średni wynik to 6 z 9
Answers on the Grid
Answers color-coded by a green-red scale on the quiz's grid according to % correct below.
Adam Małysz
Adam Niżnik
Aleksander Zniszczoł
Andrzej Galica
Andrzej Stękała
Dawid Kubacki
Jakub Wolny
Jan Habdas
Jan Kowal
Jan Ziobro
Jarosław Mądry
Józef Przybyła
Kamil Stoch
Klemens Murańka
Krzysztof Biegun
Krzysztof Leja
Krzysztof Miętus
Łukasz Kruczek
Łukasz Rutkowski
Maciej Kot
Paweł Wąsek
Piotr Fijas
Piotr Żyła
Robert Mateja
Stanisław Bobak
Stanisław Marusarz
Stefan Hula
Tadeusz Bafia
Tomasz Bryt
Tomasz Pochwała
Tomisław Tajner
Wiktor Węgrzynkiewicz
 
Statystyki odpowiedzi
Odpowiedź % Poprawnych
Adam Małysz
99%
Dawid Kubacki
81%
Kamil Stoch
80%
Piotr Żyła
78%
Maciej Kot
61%
Krzysztof Biegun
59%
Jan Ziobro
54%
Piotr Fijas
45%
Stanisław Bobak
39%
Nie znaleziono quizów pasujących do podanych kryteriów
Rozkład punktacji
Procent ludzi z każdym wynikiem
Percentyl według liczby udzielonych odpowiedzi
Twoja historia wyników
Nie rozwiązałeś tego quizu